00710nam a2200169 a 4500003000200000005001700002008004100019050003200060100004100092245013200133260009000265300002300355504004100378650003400419650003800453650004900491020250225105649.0101013s19uu xx 00 eng d aPHS DS 686.6.B66b.G31 2010 aGeronimo, Katrina Maria Alexandra P. aAssessment of Andres Bonifacio's contributions to the Philippine revolution (1896-1898) /cKatrina Maria Alexandra P. Geronimo. aLas Piñas City, Philippines :bSouthville International School and Colleges,c2010. a36 pages ;c30 cm. aIncludes bibliographical references. aBonifacio, Andres, 1863-1897. aPhilippine Revolution, 1896-1898. aPhilippinesxHistoryvRevolution, 1896-1898.